00442nam a2200169 a 4500001001300000003000900013005001700022008004100039020001000080082002000090100001700110245004500127260004000172300000800212500003500220700001700255nice12345678IN_TiNIC20260116014111.0070911s2000 geoa grd 000 0 eng  ac10000a305.245408bRAZ aRaza, Gauhar aCommunalisation of Education and History aGeorgiabGabriel Publicationsc2000 a00p aincludes index and biblioraphy1 aRaza, Gauhar